000 00461nam a2200169Ia 4500
999 _c12765
_d12765
003 OSt
005 20201110094619.0
008 190216s9999||||xx |||||||||||||| ||und||
040 _coclc
082 _a823
_bWAL/M
100 _aWallace, Irving
_95738
245 4 _aThe Man /
_cIrving Wallace
260 _bNew English Library,
_c1976.
_aLondon:
300 _a672p
650 _aEnglish Novel
942 _cBK
_2ddc
_h823
_iWAL/M
_k823
_mWAL/M